Fr. Conceicao Rodrigues College of Engineering

Handbook of wireless networks and mobile computing (Record no. 25311)

MARC details
000 -LEADER
fixed length control field 00416nam a2200169Ia 4500
082 ## - DEWEY DECIMAL CLASSIFICATION NUMBER
Classification number 384.5/STO
Item number STO
100 ## - MAIN ENTRY--PERSONAL NAME
Personal name Stojmenovic/Ivan
245 ## - TITLE STATEMENT
Title Handbook of wireless networks and mobile computing
260 ## - PUBLICATION, DISTRIBUTION, ETC.
Name of publisher, distributor, etc. Wiley India
Place of publication, distribution, etc. New Delhi
Date of publication, distribution, etc. 2002
366 ## - TRADE AVAILABILITY INFORMATION
Publishers's discount category 20
300 ## - PHYSICAL DESCRIPTION
Extent 630
546 ## - LANGUAGE NOTE
Language note ENGLISH
650 ## - SUBJECT ADDED ENTRY--TOPICAL TERM
Topical term or geographic name entry element Mobile computing
654 ## - SUBJECT ADDED ENTRY--FACETED TOPICAL TERMS
Focus term wireless networks.mobile computing
942 ## - ADDED ENTRY ELEMENTS (KOHA)
Koha item type BOOK
Holdings
Withdrawn status Lost status Damaged status Not for loan Collection Home library Current library Date acquired Source of acquisition Cost, normal purchase price Inventory number Total Checkouts Full call number Barcode Date last seen Cost, replacement price Price effective from Koha item type
        CRC Fr. Agnel's C.Rodrigues College of Engineering Fr. Agnel's C.Rodrigues College of Engineering 17/03/2023 Ane Books India 239.20 353 dt 27/03/2008   384.5/STO STO 18673 17/03/2023 299.00   BOOK